| 000 | 00680nam a2200229 4500 | ||
|---|---|---|---|
| 003 | OSt | ||
| 005 | 20240621080325.0 | ||
| 006 | a | ||
| 008 | 240621b |||||||| |||| 00| 0 eng d | ||
| 020 | _a9712704335 | ||
| 040 |
_aDWCL-Main lib. _cOC |
||
| 082 |
_2Philippine edition _aCirc. 512.13 H174p 1995 |
||
| 100 | _aHall, Bettye C. | ||
| 245 | _aPrentice Hall algebra 2 with trigonometry / | ||
| 250 | _aPhilippine edition | ||
| 260 |
_aPasig City : _bAnvil Pub. , Inc. , _cc1995. |
||
| 300 |
_axi, _b846 p. : ill. ; _c24 cm. |
||
| 504 | _aIncludes index. | ||
| 650 | _a1. Algebra. | ||
| 650 | _a2. Trigonometry. | ||
| 942 |
_2ddc _n0 _cBK-CIRC _ePhilippine edition _kCirc. |
||
| 999 |
_c1097 _d1097 |
||